Ground-water appraisal of Santa Ynez River basin, Santa Barbara County, California, 1945-52 / (Record no. 29286)

MARC details
000 -LEADER
fixed length control field 01117cam a22003011a 4500
001 - CONTROL NUMBER
control field gs 58000251
003 - CONTROL NUMBER IDENTIFIER
control field DLC
005 - DATE AND TIME OF LATEST TRANSACTION
control field 20260227111407.0
008 - FIXED-LENGTH DATA ELEMENTS--GENERAL INFORMATION
fixed length control field 790920s1959 dcuab b f001 0 eng c
010 ## - LIBRARY OF CONGRESS CONTROL NUMBER
LC control number gs 58000251
035 ## - SYSTEM CONTROL NUMBER
System control number (OCoLC)5393115
040 ## - CATALOGING SOURCE
Original cataloging agency U.S. Geol. Survey. Libr.
Transcribing agency TxLT
Modifying agency TxLT
-- DNAL
-- OCoLC
-- DLC
042 ## - AUTHENTICATION CODE
Authentication code premarc
043 ## - GEOGRAPHIC AREA CODE
Geographic area code n-us-ca
050 00 - LIBRARY OF CONGRESS CALL NUMBER
Classification number TC801
Item number .U2 no. 1467
070 0# - NATIONAL AGRICULTURAL LIBRARY CALL NUMBER
Classification number 407
Item number G29W no.1467
072 0# - SUBJECT CATEGORY CODE
Subject category code P200
100 1# - MAIN ENTRY--PERSONAL NAME
Personal name Wilson, H. D.
Fuller form of name (Harry Dennis),
Dates associated with a name 1919-
245 10 - TITLE STATEMENT
Title Ground-water appraisal of Santa Ynez River basin, Santa Barbara County, California, 1945-52 /
Statement of responsibility, etc. by H.D. Wilson, Jr.
260 ## - PUBLICATION, DISTRIBUTION, ETC.
Place of publication, distribution, etc. Washington, D.C. :
Name of publisher, distributor, etc. U.S. G.P.O.,
Date of publication, distribution, etc. 1959.
300 ## - PHYSICAL DESCRIPTION
Extent vi, 119 p. :
Other physical details ill., maps ;
Dimensions 24 cm.
440 #0 - SERIES STATEMENT/ADDED ENTRY--TITLE
Title Geological Survey water-supply paper ;
Volume/sequential designation 1467
500 ## - GENERAL NOTE
General note "Prepared in cooperation with the U.S. Bureau of Reclamation and the Santa Barbara County Water Agency."
504 ## - BIBLIOGRAPHY, ETC. NOTE
Bibliography, etc. note Bibliography: p. 108-109.
500 ## - GENERAL NOTE
General note Includes index.
650 #0 - SUBJECT ADDED ENTRY--TOPICAL TERM
Topical term or geographic name entry element Water-supply
Geographic subdivision California
-- Santa Ynez Valley.
650 #0 - SUBJECT ADDED ENTRY--TOPICAL TERM
Topical term or geographic name entry element Groundwater
Geographic subdivision California
-- Santa Ynez Valley.

No items available.

Powered by Koha